[Event "2. Bundesliga Mitte 2013/2014"]
[Site "Fuerstenfeld"]
[Date "2013.10.05"]
[Round "2"]
[Board "4"]
[White "Feher, Adam"]
[Black "Fahrner, Kurt"]
[Result "1-0"]
[WhiteElo "2395"]
[BlackElo "2294"]
[PlyCount "99"]
[EventDate "2013.10.04"]
[EventType "team"]
[EventRounds "11"]
[EventCountry "AUT"]
[WhiteTeam "SK Sparkasse Fuerstenfeld"]
[BlackTeam "ESV Austria Graz"]

1. e4 e5 2. Nf3 Nc6 3. Bb5 a6 4. Ba4 Nf6 5. O-O Be7 6. Re1 b5 7. Bb3 d6 8. c3
O-O 9. h3 Nb8 10. d4 Nbd7 11. Nbd2 Re8 12. Bxf7+ Kh8 13. Ng5 Nb6 14. Bxe8 Qxe8
15. dxe5 Nh5 16. Ngf3 Qg6 17. Nf1 Bxh3 18. Ng3 Nxg3 19. fxg3 Qxg3 20. Qe2 Rf8
21. Rf1 dxe5 22. Bg5 Bc5+ 23. Kh1 Be6 24. Be3 Bd6 25. Ng5 Qh4+ 26. Kg1 Re8 27.
Nxe6 Rxe6 28. Qf2 Qd8 29. Qf7 Re8 30. Bxb6 cxb6 31. b4 Be7 32. Rad1 Qc8 33. Rd3
Bg5 34. Rf5 Bf4 35. g3 Bc1 36. Qd7 Qa8 37. Rd5 Rg8 38. Rfxe5 a5 39. Rh5 axb4
40. Qf5 Be3+ 41. Kg2 h6 42. Qf3 Bc1 43. cxb4 Qxa2+ 44. Kh3 Re8 45. Rhf5 Qa8 46.
Rf7 Bb2 47. Qf5 Bc3 48. Rd6 Bxb4 49. Rxh6+ Kg8 50. Rxg7+ 1-0

[Event "2. Bundesliga Mitte 2013/2014"]
[Site "Fuerstenfeld"]
[Date "2013.10.05"]
[Round "2"]
[Board "5"]
[White "Spindelboeck, Gernot"]
[Black "Radnetter, Georg"]
[Result "0-1"]
[WhiteElo "2252"]
[BlackElo "2257"]
[PlyCount "94"]
[EventDate "2013.10.04"]
[EventType "team"]
[EventRounds "11"]
[EventCountry "AUT"]
[WhiteTeam "ESV Austria Graz"]
[BlackTeam "SK Sparkasse Fuerstenfeld"]

1. Nf3 Nf6 2. c4 c5 3. g3 g6 4. Bg2 Bg7 5. O-O O-O 6. Nc3 Nc6 7. d4 cxd4 8.
Nxd4 Nxd4 9. Qxd4 d6 10. Qd3 Bf5 11. e4 Be6 12. Bd2 Nd7 13. b3 Ne5 14. Qe2 Rc8
15. Rfd1 Qd7 16. Rac1 a6 17. Be3 Ng4 18. Bf4 Ne5 19. f3 Rc6 20. Be3 b6 21. Nd5
Qb7 22. Nb4 Rcc8 23. h3 a5 24. Nd5 Bxd5 25. Rxd5 Nd7 26. f4 Qc7 27. a3 Ra8 28.
Rb5 Ra6 29. Qf2 Rb8 30. Kh2 Ra7 31. Rc2 Nc5 32. g4 e6 33. Kh1 Re8 34. b4 axb4
35. axb4 Ra1+ 36. Kh2 Nd3 37. Qd2 Ne1 38. Bxb6 Qc6 39. e5 d5 40. Ra2 Rxa2 41.
Qxa2 Nxg2 42. Qxg2 Qxc4 43. Ra5 Qxf4+ 44. Kh1 Qxb4 45. Qf2 Bxe5 46. Ra7 Qe4+
47. Kg1 Qf4 0-1

[Event "2. Bundesliga Mitte 2013/2014"]
[Site "Fuerstenfeld"]
[Date "2013.10.05"]
[Round "2"]
[Board "6"]
[White "Hatzl, Stefan"]
[Black "Schrittwieser, Herbert"]
[Result "1-0"]
[WhiteElo "2172"]
[BlackElo "2184"]
[PlyCount "77"]
[EventDate "2013.10.04"]
[EventType "team"]
[EventRounds "11"]
[EventCountry "AUT"]
[WhiteTeam "SK Sparkasse Fuerstenfeld"]
[BlackTeam "ESV Austria Graz"]

1. Nf3 Nf6 2. c4 e6 3. g3 b6 4. Bg2 Bb7 5. O-O Be7 6. b3 O-O 7. Bb2 c5 8. e3 d5
9. Qe2 Nc6 10. Rd1 Qc7 11. Nc3 Rfd8 12. Rac1 dxc4 13. bxc4 Rac8 14. d4 Na5 15.
Nb5 Qb8 16. d5 exd5 17. Be5 Qa8 18. Nc7 Rxc7 19. Bxc7 Rc8 20. cxd5 Bxd5 21. Be5
Qb7 22. Nh4 Bxg2 23. Nxg2 b5 24. Nf4 Nd7 25. Bxg7 f6 26. Nd5 Bd8 27. Bh6 Ne5
28. f4 Ng6 29. h4 f5 30. Bg5 Nc6 31. Rxc5 a6 32. Bxd8 Rxd8 33. h5 Nf8 34. Rxc6
Rxd5 35. Rxd5 Qxc6 36. Rxf5 Ne6 37. h6 Qc1+ 38. Kh2 Kh8 39. Re5 1-0

[Event "2. Bundesliga Mitte 2013/2014"]
[Site "Fuerstenfeld"]
[Date "2013.10.05"]
[Round "2"]
[Board "1"]
[White "Horvath, Adam"]
[Black "Schreiner, Peter"]
[Result "1-0"]
[WhiteElo "2528"]
[BlackElo "2457"]
[PlyCount "103"]
[EventDate "2013.10.04"]
[EventType "team"]
[EventRounds "11"]
[EventCountry "AUT"]
[WhiteTeam "RbEJ Gleisdorf"]
[BlackTeam "SV Raika Rapid Feffernitz II"]

1. e4 e5 2. Nf3 Nc6 3. Bb5 Nf6 4. d3 d6 5. O-O Be7 6. c3 O-O 7. Re1 Bd7 8. Nbd2
a6 9. Ba4 b5 10. Bc2 Re8 11. Nf1 Bf8 12. Ng3 Ne7 13. d4 Ng6 14. h3 h6 15. a4 c6
16. Be3 Qc7 17. Qd2 Be6 18. b4 Rec8 19. a5 c5 20. d5 Bd7 21. Bd3 cxb4 22. cxb4
Qc3 23. Rac1 Qxd2 24. Nxd2 Ne8 25. Ne2 Be7 26. Nf3 Nh4 27. Nxh4 Bxh4 28. Rxc8
Rxc8 29. Rc1 Rxc1+ 30. Bxc1 Bg5 31. f4 exf4 32. Bxf4 Bxf4 33. Nxf4 Kf8 34. Kf2
Nf6 35. Ke3 Ke7 36. Be2 Be8 37. Kd4 Nd7 38. Bg4 Nb8 39. e5 Bd7 40. Bf3 Bf5 41.
Nh5 g6 42. exd6+ Kxd6 43. Nf6 Bc2 44. g4 g5 45. Ng8 Bg6 46. Nxh6 Nd7 47. Be4
Ne5 48. Bxg6 fxg6 49. Ke4 Nc4 50. Nf7+ Ke7 51. Nxg5 Nd2+ 52. Kd4 1-0

[Event "2. Bundesliga Mitte 2013/2014"]
[Site "Fuerstenfeld"]
[Date "2013.10.05"]
[Round "2"]
[Board "3"]
[White "Wegerer, Fred"]
[Black "Jeric, Simon"]
[Result "0-1"]
[WhiteElo "2157"]
[BlackElo "2268"]
[PlyCount "46"]
[EventDate "2013.10.04"]
[EventType "team"]
[EventRounds "11"]
[EventCountry "AUT"]
[WhiteTeam "RbEJ Gleisdorf"]
[BlackTeam "SV Raika Rapid Feffernitz II"]

1. e4 Nf6 2. Nc3 d5 3. exd5 Nxd5 4. Bc4 e6 5. Qf3 Nb6 6. Bb3 c5 7. d3 Nc6 8.
Nge2 Nd4 9. Nxd4 cxd4 10. Ne4 a5 11. a4 f5 12. Ng5 Bb4+ 13. c3 dxc3 14. O-O
cxb2 15. Nxe6 bxa1=Q 16. Nxd8 Qf6 17. Nxb7 Ra7 18. Bb2 Qxb2 19. Qc6+ Bd7 20.
Qxb6 Rxb7 21. Qxb7 Ke7 22. Bc4 Qe5 23. Bb5 Rd8 0-1

[Event "2. Bundesliga Mitte 2013/2014"]
[Site "Fuerstenfeld"]
[Date "2013.10.05"]
[Round "2"]
[Board "4"]
[White "Tschohl, Christof"]
[Black "Watzka, Horst"]
[Result "1/2-1/2"]
[WhiteElo "2146"]
[BlackElo "2250"]
[PlyCount "94"]
[EventDate "2013.10.04"]
[EventType "team"]
[EventRounds "11"]
[EventCountry "AUT"]
[WhiteTeam "SV Raika Rapid Feffernitz II"]
[BlackTeam "RbEJ Gleisdorf"]

1. e4 e5 2. Nf3 Nc6 3. Bc4 Nf6 4. d3 Be7 5. c3 O-O 6. O-O d6 7. Re1 Na5 8. Bb5
a6 9. Ba4 b5 10. Bc2 c5 11. Nbd2 Re8 12. Nf1 Nc6 13. Ng3 Bf8 14. d4 cxd4 15.
cxd4 Bg4 16. Be3 exd4 17. Bxd4 Nxd4 18. Qxd4 Bxf3 19. gxf3 g6 20. Rad1 h5 21.
Ne2 Nd7 22. f4 Qh4 23. Rd3 Rad8 24. Rg3 Qf6 25. f5 h4 26. Qxf6 Nxf6 27. Rf3 g5
28. Nc3 b4 29. Nb1 Ng4 30. Nd2 Ne5 31. Rfe3 Bg7 32. h3 Bf6 33. Bb3 g4 34. Kg2
Bg5 35. hxg4 Bxe3 36. Rxe3 Nxg4 37. Rh3 Nf6 38. Rxh4 Kg7 39. f3 Rh8 40. Rxh8
Rxh8 41. Nc4 Rd8 42. Ne3 Kf8 43. Nc2 a5 44. Nd4 Rc8 45. Kf2 Rc1 46. Ke3 Rb1 47.
Nc6 Rxb2 1/2-1/2

[Event "2. Bundesliga Mitte 2013/2014"]
[Site "Fuerstenfeld"]
[Date "2013.10.05"]
[Round "2"]
[Board "5"]
[White "Sandner, Wolfgang"]
[Black "Arztmann, Wolfgang"]
[Result "1-0"]
[WhiteElo "2206"]
[BlackElo "2194"]
[PlyCount "93"]
[EventDate "2013.10.04"]
[EventType "team"]
[EventRounds "11"]
[EventCountry "AUT"]
[WhiteTeam "RbEJ Gleisdorf"]
[BlackTeam "SV Raika Rapid Feffernitz II"]

1. e4 e6 2. d3 d5 3. Nd2 Nf6 4. Ngf3 c5 5. Be2 Nc6 6. c3 Be7 7. O-O O-O 8. Re1
b5 9. Qc2 a5 10. Nf1 b4 11. Bg5 Ba6 12. Ng3 Qb6 13. e5 Ne8 14. Bxe7 Nxe7 15. c4
Nc6 16. cxd5 exd5 17. Rac1 Nd4 18. Qxc5 Nxe2+ 19. Nxe2 Qxc5 20. Rxc5 Bxd3 21.
Rxd5 Bc4 22. Rc5 Bxa2 23. Ra1 Be6 24. Rcxa5 Rxa5 25. Rxa5 Nc7 26. Ned4 Rd8 27.
h3 Bd5 28. Rc5 Ne6 29. Rb5 Nf4 30. Rxb4 g6 31. Rb6 Bxf3 32. Nxf3 Rd1+ 33. Kh2
Rf1 34. Rd6 Rxf2 35. Kg3 Rxb2 36. Kxf4 Rxg2 37. Rd7 h6 38. Rd2 g5+ 39. Ke3 Rg3
40. Rh2 h5 41. Kf2 h4 42. Rg2 Rxh3 43. Rxg5+ Kf8 44. Kg2 Rg3+ 45. Rxg3 hxg3 46.
Kxg3 Ke7 47. Nd4 1-0

[Event "2. Bundesliga Mitte 2013/2014"]
[Site "Fuerstenfeld"]
[Date "2013.10.05"]
[Round "2"]
[Board "6"]
[White "Hofer, Christian"]
[Black "Perhinig, Robert"]
[Result "0-1"]
[WhiteElo "1942"]
[BlackElo "2282"]
[PlyCount "92"]
[EventDate "2013.10.04"]
[EventType "team"]
[EventRounds "11"]
[EventCountry "AUT"]
[WhiteTeam "SV Raika Rapid Feffernitz II"]
[BlackTeam "RbEJ Gleisdorf"]

1. d4 d5 2. Nf3 c6 3. g3 Nf6 4. Bg2 g6 5. O-O Bg7 6. Nbd2 O-O 7. c4 Bf5 8. b3
dxc4 9. bxc4 Ne4 10. e3 Nxd2 11. Qxd2 Be4 12. Ba3 Nd7 13. Rac1 Re8 14. Rfd1 Qc7
15. d5 Rad8 16. Nd4 Bxg2 17. Kxg2 a6 18. Bxe7 Rxe7 19. Nxc6 Nc5 20. Nxe7+ Qxe7
21. Qc2 h5 22. Rd2 h4 23. Re1 Ne4 24. Rd3 Ng5 25. f3 Qd7 26. g4 h3+ 27. Kf2 Be5
28. Rh1 Qd6 29. c5 Qf6 30. Qd1 Ne4+ 31. Ke2 Nxc5 32. Rd2 b5 33. Qf1 Qh4 34. Qf2
Qe7 35. Rc1 b4 36. Rc4 Na4 37. Kf1 Bc3 38. Re4 Qb7 39. Qh4 Qb6 40. Rf2 Nc5 41.
Qxh3 Qb5+ 42. Kg2 Qd3 43. Re7 Qxd5 44. Qg3 Be1 45. Re5 Qc6 46. Qh4 Rc8 0-1

[Event "2. Bundesliga Mitte 2013/2014"]
[Site "Fuerstenfeld"]
[Date "2013.10.05"]
[Round "2"]
[Board "1"]
[White "Supancic, Darko"]
[Black "Kovacs, Gabor"]
[Result "0-1"]
[WhiteElo "2334"]
[BlackElo "2458"]
[PlyCount "104"]
[EventDate "2013.10.04"]
[EventType "team"]
[EventRounds "11"]
[EventCountry "AUT"]
[WhiteTeam "Strassenbahn Graz"]
[BlackTeam "Union Styria Graz"]

1. Nf3 d5 2. d4 Nf6 3. Bf4 e6 4. e3 Be7 5. Bd3 Nbd7 6. Ne5 c5 7. Nxd7 Bxd7 8.
dxc5 Bxc5 9. Nd2 Qb6 10. Rb1 Bb5 11. O-O Bxd3 12. cxd3 O-O 13. Qb3 Qa6 14. Rbc1
Rfc8 15. d4 Bf8 16. a3 Rc6 17. Rxc6 Qxc6 18. Nf3 Rc8 19. Ne5 Qa6 20. f3 b6 21.
Qd3 Qa4 22. Qd1 Qa5 23. g4 Ne8 24. Rf2 Bd6 25. Rc2 Qa4 26. Rc1 Qxd1+ 27. Rxd1
Rc2 28. Nd3 Bxf4 29. exf4 Nd6 30. Re1 Rd2 31. Ne5 f6 32. Nc6 Rxb2 33. Nd8 Nc4
34. Nxe6 Rb3 35. Kg2 Rxa3 36. f5 g6 37. fxg6 hxg6 38. Nf4 Kf7 39. Kf2 Ra2+ 40.
Kg3 Rd2 41. Nxd5 Rxd4 42. Nf4 b5 43. Rb1 a6 44. h4 Rd2 45. h5 gxh5 46. gxh5 Kg7
47. Ne6+ Kh6 48. Nc5 Rd6 49. Kf4 Rb6 50. Nd7 Rc6 51. Rg1 a5 52. Rg8 a4 0-1

[Event "2. Bundesliga Mitte 2013/2014"]
[Site "Fuerstenfeld"]
[Date "2013.10.05"]
[Round "2"]
[Board "3"]
[White "Pesorda, Ivan"]
[Black "Wittmann, Walter"]
[Result "1-0"]
[WhiteElo "2246"]
[BlackElo "2195"]
[PlyCount "49"]
[EventDate "2013.10.04"]
[EventType "team"]
[EventRounds "11"]
[EventCountry "AUT"]
[WhiteTeam "Strassenbahn Graz"]
[BlackTeam "Union Styria Graz"]

1. d4 d5 2. c4 e6 3. Nc3 Nf6 4. cxd5 Nxd5 5. e4 Nxc3 6. bxc3 c5 7. Nf3 cxd4 8.
cxd4 Bb4+ 9. Bd2 Bxd2+ 10. Qxd2 O-O 11. Bc4 Nd7 12. O-O b6 13. Rad1 Bb7 14.
Rfe1 Rc8 15. Bb3 Qe7 16. Qf4 Qb4 17. h4 h6 18. Re3 Nf6 19. g4 Rc3 20. Rde1 Rfc8
21. g5 Rxe3 22. Rxe3 Nh5 23. Qg4 Rc1+ 24. Kg2 g6 25. Bxe6 {Rest ist
unleserlich...nach 45 Zügen} 1-0

[Event "2. Bundesliga Mitte 2013/2014"]
[Site "Fuerstenfeld"]
[Date "2013.10.05"]
[Round "2"]
[Board "4"]
[White "Wertjanz, David"]
[Black "Detter, Peter"]
[Result "1-0"]
[WhiteElo "2281"]
[BlackElo "2069"]
[PlyCount "79"]
[EventDate "2013.10.04"]
[EventType "team"]
[EventRounds "11"]
[EventCountry "AUT"]
[WhiteTeam "Union Styria Graz"]
[BlackTeam "Strassenbahn Graz"]

1. e4 c5 2. Nf3 Nc6 3. d4 cxd4 4. Nxd4 Nf6 5. Nc3 e6 6. Ndb5 Bb4 7. a3 Bxc3+ 8.
Nxc3 d5 9. exd5 exd5 10. Bd3 O-O 11. O-O d4 12. Ne2 Bg4 13. Bg5 h6 14. Bh4 Bxe2
15. Qxe2 Re8 16. Qf3 Ne5 17. Qxb7 Nxd3 18. cxd3 Qd5 19. Qb4 Rab8 20. Qd2 g5 21.
Bg3 Rb3 22. a4 Nh5 23. Rfe1 Rxe1+ 24. Rxe1 Nxg3 25. hxg3 Qb7 26. Re8+ Kg7 27.
Qa5 Rb6 28. Qe5+ Rf6 29. Qxd4 Qc6 30. Re3 Qc1+ 31. Kh2 Kg6 32. Re8 Qd1 33. g4
Qd2 34. Rg8+ Kh7 35. Rh8+ Kg7 36. Qd8 Rxf2 37. Qf8+ Kf6 38. Rxh6+ Ke5 39. Qc5+
Kf4 40. Rf6+ 1-0

[Event "2. Bundesliga Mitte 2013/2014"]
[Site "Fuerstenfeld"]
[Date "2013.10.05"]
[Round "2"]
[Board "5"]
[White "Teuschler, Hugo"]
[Black "Stagl, Marco"]
[Result "1-0"]
[WhiteElo "2007"]
[BlackElo "2149"]
[PlyCount "91"]
[EventDate "2013.10.04"]
[EventType "team"]
[EventRounds "11"]
[EventCountry "AUT"]
[WhiteTeam "Strassenbahn Graz"]
[BlackTeam "Union Styria Graz"]

1. e4 d5 2. exd5 Qxd5 3. Nc3 Qa5 4. d4 Nf6 5. Nf3 c6 6. Bc4 Bf5 7. Bd2 e6 8.
Nd5 Qd8 9. Nxf6+ gxf6 10. c3 Nd7 11. Qe2 Qc7 12. Nh4 Bg6 13. O-O-O O-O-O 14.
Nxg6 hxg6 15. h4 Bh6 16. g3 Bxd2+ 17. Rxd2 f5 18. Re1 Rhe8 19. Red1 Nf6 20. Bd3
Kb8 21. Bc2 Rd7 22. Qe5 Ng4 23. Qe2 Red8 24. f3 Nf6 25. g4 fxg4 26. fxg4 Qg3
27. g5 Ng4 28. Rf1 Ne3 29. Rd3 Nxf1 30. Rxg3 Nxg3 31. Qe5+ Kc8 32. Qxg3 Rh8 33.
Qf4 Rh7 34. b4 a6 35. a4 Kd8 36. Kd2 e5 37. Qf6+ Kc8 38. Qxe5 Rxh4 39. b5 axb5
40. axb5 Rg4 41. b6 Rg2+ 42. Kd3 Rf2 43. Qe8+ Rd8 44. Qe7 Rd7 45. Qa3 Kd8 46.
Qf8# 1-0

[Event "2. Bundesliga Mitte 2013/2014"]
[Site "Fuerstenfeld"]
[Date "2013.10.05"]
[Round "2"]
[Board "6"]
[White "Manhardt, Thomas"]
[Black "Kainz, Josef"]
[Result "1-0"]
[WhiteElo "2226"]
[BlackElo "1961"]
[PlyCount "63"]
[EventDate "2013.10.04"]
[EventType "team"]
[EventRounds "11"]
[EventCountry "AUT"]
[WhiteTeam "Union Styria Graz"]
[BlackTeam "Strassenbahn Graz"]

1. e4 c5 2. Nf3 Nc6 3. d4 cxd4 4. Nxd4 e5 5. Nb5 d6 6. N1c3 a6 7. Na3 b5 8. Nd5
Nf6 9. Bg5 Be7 10. Bxf6 Bxf6 11. c3 Bg5 12. Nc2 O-O 13. Be2 Ne7 14. Ncb4 Be6
15. Qd3 Kh8 16. Rd1 Nxd5 17. Nxd5 f5 18. Bf3 Rc8 19. O-O Qe8 20. exf5 Bxf5 21.
Be4 Qe6 22. Bxf5 Rxf5 23. f3 Rff8 24. Rfe1 Rfd8 25. Re4 Qf7 26. a4 Rb8 27. axb5
axb5 28. Rb4 Qa7+ 29. Kh1 Qc5 30. Qf5 Bf6 31. Nxf6 Rf8 32. Qxh7# 1-0

[Event "2. Bundesliga Mitte 2013/2014"]
[Site "Fuerstenfeld"]
[Date "2013.10.06"]
[Round "3"]
[Board "1"]
[White "Mayerhofer, Peter"]
[Black "Tratar, Marko"]
[Result "0-1"]
[WhiteElo "2202"]
[BlackElo "2480"]
[PlyCount "86"]
[EventDate "2013.10.04"]
[EventType "team"]
[EventRounds "11"]
[EventCountry "AUT"]
[WhiteTeam "SPG Freistadt/Wartberg"]
[BlackTeam "SC MPOE Maria Saal II"]

1. e4 c5 2. d4 cxd4 3. c3 dxc3 4. Nxc3 Nc6 5. Nf3 e6 6. Bc4 a6 7. O-O Nge7 8.
Bg5 h6 9. Bh4 g5 10. Bg3 Ng6 11. Qd2 d6 12. Rfd1 g4 13. Nd4 Nce5 14. Bb3 h5 15.
Qe2 Bd7 16. Bxe5 Nxe5 17. Nc2 Rc8 18. Ne3 Qg5 19. Nc4 Nxc4 20. Bxc4 h4 21. Bb3
g3 22. h3 gxf2+ 23. Kh1 Bg7 24. Qxf2 Be5 25. Rf1 Rh7 26. Rad1 Qg3 27. Qxg3 hxg3
28. Rf3 Bc6 29. Kg1 Ke7 30. Re3 Rh4 31. Kf1 b5 32. a3 a5 33. Rde1 b4 34. axb4
axb4 35. Ne2 Rxe4 36. Rxe4 Bxe4 37. Nxg3 Bd3+ 38. Kf2 Bxb2 39. Rd1 Bd4+ 40. Ke1
Bc3+ 41. Kf2 Bb5 42. Ne4 Be5 43. g4 Rh8 0-1

[Event "2. Bundesliga Mitte 2013/2014"]
[Site "Fuerstenfeld"]
[Date "2013.10.06"]
[Round "3"]
[Board "2"]
[White "Handler, Lukas"]
[Black "Traunwieser, Georg"]
[Result "1-0"]
[WhiteElo "2388"]
[BlackElo "2121"]
[PlyCount "64"]
[EventDate "2013.10.04"]
[EventType "team"]
[EventRounds "11"]
[EventCountry "AUT"]
[WhiteTeam "SC MPOE Maria Saal II"]
[BlackTeam "SPG Freistadt/Wartberg"]

1. d4 d5 2. c4 c6 3. Nf3 e6 4. e3 f5 5. Bd3 Nf6 6. O-O Bd6 7. b3 Qe7 8. a4 b6
9. Ba3 c5 10. Nc3 Na6 11. cxd5 Nxd5 12. Bb5+ Kf7 13. Nxd5 exd5 14. dxc5 Nxc5
15. Bc6 Rb8 16. Bxd5+ Kg6 17. g3 h6 18. Nd4 Bd7 19. Qf3 Rbd8 20. Rfd1 Rhe8 21.
Bc6 Rf8 22. Rac1 Rf6 23. h4 Bc8 24. Bb2 Be5 25. b4 Na6 26. b5 Nc5 27. Ba3 Bd6
28. Ne2 Be6 29. Nf4+ Bxf4 30. Qxf4 Rxd1+ 31. Rxd1 Qf7 32. Rd8 Bc4 1-0

[Event "2. Bundesliga Mitte 2013/2014"]
[Site "Fuerstenfeld"]
[Date "2013.10.06"]
[Round "3"]
[Board "3"]
[White "Koller, Hans-Juergen"]
[Black "Hartl, Daniel"]
[Result "0-1"]
[WhiteElo "2065"]
[BlackElo "2286"]
[PlyCount "41"]
[EventDate "2013.10.04"]
[EventType "team"]
[EventRounds "11"]
[EventCountry "AUT"]
[WhiteTeam "SPG Freistadt/Wartberg"]
[BlackTeam "SC MPOE Maria Saal II"]

1. d4 d5 2. c4 c6 3. Nc3 dxc4 4. e4 b5 5. a4 b4 6. Nce2 e6 7. Nf3 c5 8. Ng3 Ba6
9. Be3 Nd7 10. Rc1 cxd4 11. Nxd4 Ne5 12. Qh5 Nd3+ 13. Bxd3 Nf6 14. Qf3 cxd3 15.
b3 d2+ 16. Kxd2 e5 17. Rhd1 exd4 18. Ke1 Rc8 19. Rxc8 Qxc8 20. Bxd4 Qc6 21.
Bxf6 0-1

[Event "2. Bundesliga Mitte 2013/2014"]
[Site "Fuerstenfeld"]
[Date "2013.10.06"]
[Round "3"]
[Board "4"]
[White "Halvax, Georg"]
[Black "Farthofer, Josef"]
[Result "1-0"]
[WhiteElo "2314"]
[BlackElo "2041"]
[PlyCount "45"]
[EventDate "2013.10.04"]
[EventType "team"]
[EventRounds "11"]
[EventCountry "AUT"]
[WhiteTeam "SC MPOE Maria Saal II"]
[BlackTeam "SPG Freistadt/Wartberg"]

1. e4 c5 2. Nf3 d6 3. d4 cxd4 4. Nxd4 Nf6 5. Nc3 a6 6. Be3 e6 7. g4 Qc7 8. g5
Nfd7 9. h4 Nc6 10. h5 Be7 11. Rg1 Nce5 12. f4 Nc4 13. Bxc4 Qxc4 14. Qd2 Nf8 15.
Nb3 Bd7 16. Bd4 Rg8 17. O-O-O O-O-O 18. Ba7 Ba4 19. Na5 Qb4 20. Nxa4 Qxa4 21.
Bb6 Rd7 22. Qc3+ Kb8 23. Rd4 1-0

[Event "2. Bundesliga Mitte 2013/2014"]
[Site "Fuerstenfeld"]
[Date "2013.10.06"]
[Round "3"]
[Board "5"]
[White "Grabner, Hermann"]
[Black "Kaspret, Guido"]
[Result "0-1"]
[WhiteElo "1973"]
[BlackElo "2289"]
[PlyCount "84"]
[EventDate "2013.10.04"]
[EventType "team"]
[EventRounds "11"]
[EventCountry "AUT"]
[WhiteTeam "SPG Freistadt/Wartberg"]
[BlackTeam "SC MPOE Maria Saal II"]

1. e4 c5 2. d4 cxd4 3. c3 d3 4. Bxd3 d6 5. f4 g6 6. Nf3 Bg7 7. Be3 Nf6 8. O-O
Ng4 9. Qe2 Nxe3 10. Qxe3 Nd7 11. Nbd2 O-O 12. Nb3 Bh6 13. g4 Qb6 14. Qxb6 Nxb6
15. g5 Bg7 16. Rad1 Na4 17. Rd2 Bh3 18. Re1 Rac8 19. Ree2 h6 20. Kf2 hxg5 21.
Nxg5 Bg4 22. Re3 f6 23. Rg3 fxg5 24. Rxg4 Rxf4+ 25. Rxf4 gxf4 26. Kf3 Be5 27.
Na5 Nc5 28. Bf1 Kg7 29. Nc4 Kf6 30. Nxe5 dxe5 31. Bh3 Rh8 32. Bg4 b6 33. h3 Ne6
34. Bxe6 Kxe6 35. Kg4 g5 36. Rh2 Kf6 37. h4 gxh4 38. Rxh4 Rg8+ 39. Kf3 Rg3+ 40.
Kf2 Re3 41. Rh6+ Kf7 42. Rh7+ Ke6 0-1

[Event "2. Bundesliga Mitte 2013/2014"]
[Site "Fuerstenfeld"]
[Date "2013.10.06"]
[Round "3"]
[Board "1"]
[White "Taggatz, Mario"]
[Black "Gonda, Laszlo"]
[Result "0-1"]
[WhiteElo "2222"]
[BlackElo "2560"]
[PlyCount "80"]
[EventDate "2013.10.04"]
[EventType "team"]
[EventRounds "11"]
[EventCountry "AUT"]
[WhiteTeam "Spg. Sauwald"]
[BlackTeam "ASK St. Valentin"]

1. d4 Nf6 2. Bf4 d5 3. e3 c5 4. c3 Nc6 5. Nd2 cxd4 6. exd4 g6 7. Bd3 Bg7 8.
Ngf3 Nh5 9. Be3 Qd6 10. O-O Nf4 11. Bb5 O-O 12. Re1 Ne6 13. a4 Bd7 14. Nb3 b6
15. Qd2 Rfe8 16. Bh6 Bxh6 17. Qxh6 f6 18. g3 Ng7 19. Bd3 Nd8 20. c4 Qb4 21.
Nbd2 Nf7 22. Qf4 Bxa4 23. cxd5 a5 24. Ne4 Rad8 25. Rac1 Bb5 26. Bb1 Rc8 27. d6
Nh5 28. Qh4 Rxc1 29. Rxc1 Nxd6 30. Nxd6 Qxd6 31. Ba2+ Kh8 32. Qg4 Bd7 33. Qe4
Ng7 34. d5 Nf5 35. g4 Nh6 36. h3 Nf7 37. Qe3 Kg7 38. Nd2 Qe5 39. Qxb6 Rb8 40.
Qc7 Rc8 0-1

[Event "2. Bundesliga Mitte 2013/2014"]
[Site "Fuerstenfeld"]
[Date "2013.10.06"]
[Round "3"]
[Board "2"]
[White "Flumbort, Andras"]
[Black "Renner, Christoph"]
[Result "1/2-1/2"]
[WhiteElo "2470"]
[BlackElo "2379"]
[PlyCount "61"]
[EventDate "2013.10.04"]
[EventType "team"]
[EventRounds "11"]
[EventCountry "AUT"]
[WhiteTeam "ASK St. Valentin"]
[BlackTeam "Spg. Sauwald"]

1. d4 f5 2. c4 Nf6 3. g3 g6 4. Bg2 Bg7 5. Nf3 O-O 6. O-O d6 7. Nc3 c6 8. Rb1 a5
9. b3 Na6 10. Bb2 Qc7 11. d5 e5 12. dxe6 Bxe6 13. Nd4 Bf7 14. e4 fxe4 15. Nxe4
Nxe4 16. Bxe4 a4 17. Ne2 Bxb2 18. Rxb2 axb3 19. axb3 Nc5 20. Bg2 Ra3 21. Nd4
Re8 22. h4 Qe7 23. Qc2 Qf6 24. Rd1 Rea8 25. Qe2 Qe5 26. Qd2 Ra1 27. Rxa1 Rxa1+
28. Kh2 Qe1 29. Qxe1 Rxe1 30. Nf3 Rc1 31. Ng5 1/2-1/2

[Event "2. Bundesliga Mitte 2013/2014"]
[Site "Fuerstenfeld"]
[Date "2013.10.06"]
[Round "3"]
[Board "3"]
[White "Schmidt, Peter"]
[Black "Sandhoefner, Florian"]
[Result "1-0"]
[WhiteElo "2377"]
[BlackElo "2271"]
[PlyCount "53"]
[EventDate "2013.10.04"]
[EventType "team"]
[EventRounds "11"]
[EventCountry "AUT"]
[WhiteTeam "Spg. Sauwald"]
[BlackTeam "ASK St. Valentin"]

1. d4 d5 2. c4 c6 3. cxd5 cxd5 4. Bf4 Nc6 5. e3 Nf6 6. Nc3 a6 7. Be2 Bf5 8. Nf3
Rc8 9. Ne5 Qb6 10. O-O Qxb2 11. Na4 Qb4 12. g4 Be4 13. f3 Nxe5 14. fxe4 Nc4 15.
Rb1 Qa3 16. e5 Ne4 17. Rxb7 g5 18. Bxc4 dxc4 19. Qb1 Qxa4 20. Qxe4 c3 21. Bxg5
c2 22. e6 f6 23. Rc7 Kd8 24. Rxc8+ Kxc8 25. Qa8+ Kc7 26. Bf4+ Kb6 27. Qb8+ 1-0

[Event "2. Bundesliga Mitte 2013/2014"]
[Site "Fuerstenfeld"]
[Date "2013.10.06"]
[Round "3"]
[Board "4"]
[White "Kranzl, Peter"]
[Black "Hellmayr, Alois"]
[Result "1/2-1/2"]
[WhiteElo "2225"]
[BlackElo "2209"]
[PlyCount "39"]
[EventDate "2013.10.04"]
[EventType "team"]
[EventRounds "11"]
[EventCountry "AUT"]
[WhiteTeam "ASK St. Valentin"]
[BlackTeam "Spg. Sauwald"]

1. Nf3 Nf6 2. g3 g6 3. Bg2 Bg7 4. O-O O-O 5. c4 c5 6. Nc3 Nc6 7. a3 d6 8. d3
Bd7 9. h3 a6 10. Rb1 Rb8 11. b4 cxb4 12. axb4 b5 13. cxb5 axb5 14. Bd2 Qc7 15.
Ne1 Qa7 16. Be3 Qc7 17. Bd2 Qa7 18. Be3 Qc7 19. Bd2 Qa7 20. Be3 1/2-1/2

[Event "2. Bundesliga Mitte 2013/2014"]
[Site "Fuerstenfeld"]
[Date "2013.10.06"]
[Round "3"]
[Board "5"]
[White "Hiermann, Dietmar"]
[Black "Theuretzbacher, Klaus"]
[Result "1-0"]
[WhiteElo "2290"]
[BlackElo "2265"]
[PlyCount "53"]
[EventDate "2013.10.04"]
[EventType "team"]
[EventRounds "11"]
[EventCountry "AUT"]
[WhiteTeam "Spg. Sauwald"]
[BlackTeam "ASK St. Valentin"]

1. e4 a6 2. d4 b5 3. Bd3 e6 4. Nf3 c5 5. c3 Bb7 6. O-O d6 7. Nbd2 Nf6 8. Qe2
Qc7 9. Re1 Be7 10. Nf1 Nbd7 11. Ng3 g6 12. Bh6 e5 13. h3 Bf8 14. Qd2 Ng8 15.
Bxf8 Nxf8 16. a4 c4 17. Bf1 Rc8 18. axb5 axb5 19. b3 Ne6 20. bxc4 bxc4 21. Reb1
Nd8 22. Rb4 Nc6 23. Rxc4 Qb6 24. d5 Nd8 25. Rb4 Qc5 26. Qb2 Rc7 27. Rc4 1-0